[Event "Miedzywojewodzkie Mistrzostwa Juniorow ("]
[Site "Centrum Konferencyjno-Sportowe"]
[Date "2012.??.??"]
[Round "6.2"]
[White "Maciejewski, Andrzej"]
[Black "Powalka, Michal"]
[Result "0-1"]
[WhiteElo "1780"]
[BlackElo "1779"]
[PlyCount "88"]
[EventDate "2012.??.??"]

1. e4 e5 2. Nf3 Nc6 3. Bb5 a6 4. Ba4 Nf6 5. O-O Be7 6. Re1 b5 7. Bb3 O-O 8. d3
d6 9. c3 Na5 10. Bc2 c5 11. Nbd2 Nc6 12. Nf1 Re8 13. Ng3 g6 14. d4 cxd4 15.
cxd4 Bg4 16. Be3 Bf8 17. d5 Nd4 18. Bxd4 exd4 19. Qxd4 Bg7 20. Qb4 Bxf3 21.
gxf3 Qc7 22. Rac1 Bh6 23. Ne2 Bxc1 24. Rxc1 Qe7 25. Qd2 Qe5 26. Bd3 Nd7 27. f4
Qe7 28. b4 Nf6 29. f3 Qa7+ 30. Kg2 Rac8 31. Rc6 Rxc6 32. dxc6 Qc7 33. Nd4 Nh5
34. Be2 d5 35. exd5 Nxf4+ 36. Kf1 Nxd5 37. Bd3 Ne3+ 38. Kg1 Qf4 39. Be4 Rxe4
40. c7 Re8 41. Nxb5 Qxf3 42. h3 Qg3+ 43. Kh1 Qxh3+ 44. Kg1 axb5 0-1

[Event "Miedzywojewodzkie Mistrzostwa Juniorow ("]
[Site "Centrum Konferencyjno-Sportowe"]
[Date "2012.??.??"]
[Round "6.3"]
[White "Jasinowicz, Waclaw"]
[Black "Kowalec, Maciej"]
[Result "0-1"]
[WhiteElo "1502"]
[BlackElo "1704"]
[PlyCount "32"]
[EventDate "2012.??.??"]

1. c4 e5 2. g3 Nc6 3. Bg2 Bc5 4. Nc3 Nf6 5. Nf3 d6 6. O-O O-O 7. d3 h6 8. Be3
Bxe3 9. fxe3 Be6 10. b3 Ne7 11. Qd2 c6 12. Rad1 Nf5 13. e4 Qb6+ 14. Rf2 Ng4 15.
exf5 Nxf2 16. Na4 Nh3+ 0-1

[Event "Miedzywojewodzkie Mistrzostwa Juniorow ("]
[Site "Centrum Konferencyjno-Sportowe"]
[Date "2012.??.??"]
[Round "6.4"]
[White "Gryglas, Kamil"]
[Black "Jarmula, Lukasz"]
[Result "0-1"]
[WhiteElo "1519"]
[BlackElo "2165"]
[PlyCount "86"]
[EventDate "2012.??.??"]

1. e4 c5 2. Nf3 d6 3. Bc4 Nf6 4. d3 Nc6 5. c3 g6 6. Bb3 Bg7 7. Nbd2 O-O 8. Nf1
b5 9. Ng3 a5 10. Bd2 a4 11. Bc2 a3 12. b3 b4 13. Rc1 Bg4 14. h3 Bxf3 15. Qxf3
Ne8 16. Bb1 bxc3 17. Be3 Nb4 18. Qe2 c2 19. Rxc2 Nxc2+ 20. Qxc2 Nc7 21. h4 h5
22. Ne2 Qd7 23. f3 Nb5 24. Qc4 Nd4 25. Nf4 e6 26. Kf2 Qb5 27. Qc1 Nxb3 28. Qd1
Nd4 29. g4 Qb2+ 30. Kg3 Be5 31. Kh3 hxg4+ 32. fxg4 Rfb8 33. g5 Bxf4 34. Bxf4 e5
35. Be3 Rb7 36. Bxd4 Qxd4 37. h5 Qe3+ 38. Kh2 Rb2+ 39. Bc2 Qf2+ 40. Kh3 Qxc2
41. Qf3 Qf2 42. Qg4 Re2 43. hxg6 Re3+ 0-1

[Event "Miedzywojewodzkie Mistrzostwa Juniorow ("]
[Site "Centrum Konferencyjno-Sportowe"]
[Date "2012.??.??"]
[Round "6.5"]
[White "Krawiecki, Stanislaw"]
[Black "Chomczyk, Marek"]
[Result "0-1"]
[WhiteElo "1602"]
[BlackElo "1892"]
[PlyCount "138"]
[EventDate "2012.??.??"]

1. e4 e5 2. Nf3 Nc6 3. Bc4 Bc5 4. b4 Bxb4 5. c3 Bd6 6. d4 Nf6 7. O-O O-O 8. Re1
h6 9. Nbd2 Re8 10. Bb3 Bf8 11. Nxe5 Nxe5 12. dxe5 Rxe5 13. Nf3 Re8 14. e5 Nh7
15. Qd3 d5 16. Qxd5 Qxd5 17. Bxd5 c6 18. Bb3 Be6 19. Nd4 Bxb3 20. axb3 Bc5 21.
b4 Bxd4 22. cxd4 a6 23. f4 Nf8 24. f5 Nd7 25. Bd2 Rad8 26. Rad1 Nb6 27. Re4 Rd5
28. Rg4 Kh7 29. Rf1 Nc4 30. Bc1 Red8 31. f6 g6 32. e6 fxe6 33. f7 Rf5 34. Re1
Rxf7 35. Rxe6 Rdf8 36. g3 Rf1+ 37. Kg2 R8f2+ 38. Kh3 Rxc1 39. Rexg6 Rf7 40. Re6
Rd1 41. Rh4 Kg7 42. Rexh6 Re1 43. Rh7+ Kf8 44. Rxf7+ Kxf7 45. Rh7+ Ke6 46. Rxb7
Kd5 47. Rd7+ Nd6 48. Ra7 Ra1 49. Rd7 Ra4 50. Ra7 Kxd4 51. g4 Ke5 52. g5 Kf5 53.
g6 Kxg6 54. Rc7 Kf5 55. Rxc6 Ke5 56. Kg3 Nf5+ 57. Kf2 Nd4 58. Rc5+ Kd6 59. Rh5
Rxb4 60. Rh6+ Ne6 61. h4 Rb8 62. Rh5 Rb5 63. Rh8 a5 64. Ke3 Rb3+ 65. Kd2 a4 66.
h5 a3 67. Kc2 Nd4+ 68. Kc1 a2 69. Rd8+ Ke7 0-1

[Event "Miedzywojewodzkie Mistrzostwa Juniorow ("]
[Site "Centrum Konferencyjno-Sportowe"]
[Date "2012.??.??"]
[Round "7.1"]
[White "Chomczyk, Marek"]
[Black "Ogonowski, Jakub"]
[Result "1/2-1/2"]
[WhiteElo "1892"]
[BlackElo "1784"]
[PlyCount "136"]
[EventDate "2012.??.??"]

1. e4 c5 2. Nf3 d6 3. d4 cxd4 4. Nxd4 Nf6 5. Nc3 a6 6. Be3 e5 7. Nb3 Be6 8. Be2
Nbd7 9. O-O Be7 10. f4 exf4 11. Bxf4 O-O 12. Nd5 Nxe4 13. Nxe7+ Qxe7 14. Bf3
Ndf6 15. Qd4 Bxb3 16. axb3 Rfe8 17. Rae1 Rad8 18. Bg5 d5 19. Bxe4 dxe4 20. Qc3
Rd6 21. Bxf6 Rxf6 22. Rxf6 Qxf6 23. Rxe4 Qb6+ 24. Qd4 Qxd4+ 25. Rxd4 g6 26. Kf2
Re6 27. Rb4 b6 28. Ra4 b5 29. Rd4 Kg7 30. c4 bxc4 31. bxc4 Kf6 32. c5 Rc6 33.
b4 Ke5 34. Rd7 a5 35. bxa5 Rxc5 36. a6 Rc2+ 37. Kf3 Ke6 38. Rb7 h5 39. a7 Ra2
40. h4 f6 41. g3 g5 42. hxg5 fxg5 43. Rh7 Kf5 44. Rf7+ Kg6 45. Rb7 Ra4 46. Ke3
Kf5 47. Rb5+ Kg4 48. Rb4+ Rxb4 49. a8=Q Rb3+ 50. Kf2 Rb2+ 51. Ke1 Rb1+ 52. Ke2
Rb2+ 53. Ke3 Rb3+ 54. Kd4 Rxg3 55. Qe4+ Kh3 56. Qh1+ Kg4 57. Ke4 h4 58. Qf1 Ra3
59. Qd1+ Kh3 60. Qd7+ Kh2 61. Qd6+ Rg3 62. Qd2+ Kg1 63. Qe1+ Kg2 64. Qe2+ Kg1
65. Qd1+ Kg2 66. Kf5 h3 67. Qd2+ Kg1 68. Qe1+ Kg2 1/2-1/2

[Event "Miedzywojewodzkie Mistrzostwa Juniorow ("]
[Site "Centrum Konferencyjno-Sportowe"]
[Date "2012.??.??"]
[Round "7.2"]
[White "Jarmula, Lukasz"]
[Black "Krawiecki, Stanislaw"]
[Result "1/2-1/2"]
[WhiteElo "2165"]
[BlackElo "1602"]
[PlyCount "71"]
[EventDate "2012.??.??"]

1. e4 e5 2. Nf3 Nc6 3. Bb5 f5 4. Nc3 fxe4 5. Nxe4 d5 6. Nxe5 dxe4 7. Nxc6 Qg5
8. Qe2 Nf6 9. Nxa7+ Kd8 10. Nxc8 Qxg2 11. Qf1 Qxf1+ 12. Kxf1 Kxc8 13. d3 Bd6
14. dxe4 Rf8 15. Kg2 Nxe4 16. f3 Ra5 17. a4 c6 18. Bd3 Ng5 19. Rf1 Ne6 20. Re1
Ng5 21. f4 Bxf4 22. Rf1 Bd6 23. Bd2 Rd5 24. Rxf8+ Bxf8 25. Rf1 Be7 26. Rf5 Rxf5
27. Bxf5+ Kc7 28. Bxg5 Bxg5 29. Bxh7 Kb6 30. Kf3 Ka5 31. b3 b5 32. axb5 Kxb5
33. Ke4 Kb4 34. Kf5 Bf6 35. Ke6 c5 36. Bd3 1/2-1/2

[Event "Miedzywojewodzkie Mistrzostwa Juniorow ("]
[Site "Centrum Konferencyjno-Sportowe"]
[Date "2012.??.??"]
[Round "7.3"]
[White "Kowalec, Maciej"]
[Black "Gryglas, Kamil"]
[Result "0-1"]
[WhiteElo "1704"]
[BlackElo "1519"]
[PlyCount "136"]
[EventDate "2012.??.??"]

1. d4 e6 2. c4 Bb4+ 3. Bd2 Bxd2+ 4. Nxd2 Nf6 5. e4 d6 6. Ngf3 b6 7. Bd3 Bb7 8.
O-O Nbd7 9. Qc2 O-O 10. e5 dxe5 11. dxe5 Ng4 12. Bxh7+ Kh8 13. Be4 c6 14. Qd1
g6 15. Qc2 Kg7 16. h3 Ngxe5 17. Qc3 Qf6 18. Nd4 Nc5 19. Bc2 Rad8 20. b4 Na6 21.
Ne4 Nf3+ 22. Qxf3 Qxd4 23. Rfd1 Qe5 24. a3 c5 25. b5 Nc7 26. Qe2 f5 27. Ng3
Qxe2 28. Nxe2 e5 29. a4 Ne6 30. Nc3 Nd4 31. Bd3 Rf7 32. f3 Rfd7 33. Kf2 Nxf3
34. gxf3 Rxd3 35. f4 Rxd1 36. Rxd1 Rxd1 37. Nxd1 exf4 38. Nc3 Be4 39. Ke2 Kf6
40. a5 bxa5 41. Na4 Bc2 42. Nxc5 a4 43. Na6 Ke7 44. c5 a3 45. Nb4 Be4 46. h4
Ke6 47. Kd2 Ke7 48. Ke2 Kd7 49. Kd2 Kc7 50. Na6+ Kb7 51. Nb4 Kc8 52. Kc3 f3 53.
Kd2 f4 54. Ke1 Bd3 55. Kf2 Be2 56. Na2 Bxb5 57. Kxf3 Bc4 58. Nb4 a2 59. Nc2 Kc7
60. Kxf4 Kc6 61. Ke4 Kxc5 62. Na1 Kb4 63. Kd4 Be6 64. Kd3 Bf5+ 65. Kd2 Ka3 66.
Kc3 a5 67. Nb3 a4 68. Na1 Bb1 0-1

[Event "Miedzywojewodzkie Mistrzostwa Juniorow ("]
[Site "Centrum Konferencyjno-Sportowe"]
[Date "2012.??.??"]
[Round "7.4"]
[White "Powalka, Michal"]
[Black "Jasinowicz, Waclaw"]
[Result "1-0"]
[WhiteElo "1779"]
[BlackElo "1502"]
[PlyCount "89"]
[EventDate "2012.??.??"]

1. e4 e5 2. f4 d6 3. Nc3 Nf6 4. Nf3 Bg4 5. Be2 Nbd7 6. d4 exd4 7. Qxd4 Be7 8.
Be3 O-O 9. O-O-O Nc5 10. h3 Bd7 11. g4 Bc6 12. e5 dxe5 13. Qxe5 Bd6 14. Qf5
Nce4 15. Nxe4 Bxe4 16. Qa5 Qe7 17. Bd2 c6 18. Rhe1 Bc7 19. Qc3 Nd5 20. Qd4 Bb6
21. Qa4 Bf2 22. Bd3 Bxe1 23. Rxe1 Rfe8 24. Bxe4 Qc5 25. Qb3 Rad8 26. c3 Qf2 27.
Qc2 Kh8 28. Ne5 Re7 29. Bxd5 cxd5 30. Ng6+ hxg6 31. Rxe7 Qf1+ 32. Qd1 Qxh3 33.
Rxf7 d4 34. cxd4 Rc8+ 35. Bc3 Qe3+ 36. Qd2 Qe6 37. Rxb7 Qxg4 38. Qh2+ Kg8 39.
d5 Rxc3+ 40. bxc3 Qc8 41. Rb3 Qc4 42. Qd2 a5 43. d6 a4 44. d7 Qf1+ 45. Kc2 1-0

[Event "Miedzywojewodzkie Mistrzostwa Juniorow ("]
[Site "Centrum Konferencyjno-Sportowe"]
[Date "2012.??.??"]
[Round "7.5"]
[White "Litner, Igor"]
[Black "Maciejewski, Andrzej"]
[Result "0-1"]
[WhiteElo "1718"]
[BlackElo "1780"]
[PlyCount "114"]
[EventDate "2012.??.??"]

1. b4 e5 2. Bb2 Bxb4 3. Bxe5 Nf6 4. Nf3 Nc6 5. Bb2 d5 6. e3 O-O 7. a3 Bd6 8. d4
Ne7 9. Bd3 Bf5 10. O-O Bxd3 11. Qxd3 Ng6 12. Nbd2 Re8 13. c4 c6 14. cxd5 cxd5
15. a4 Ne4 16. Ba3 Rc8 17. Bxd6 Qxd6 18. Rfc1 f5 19. Qb3 b6 20. Nxe4 fxe4 21.
Ng5 Rxc1+ 22. Rxc1 h6 23. Nh3 Ne7 24. Qb5 Rd8 25. g3 g5 26. Kg2 Kf7 27. a5 Rc8
28. Rxc8 Nxc8 29. Ng1 Ne7 30. Ne2 Qc6 31. Qb4 Ke6 32. Nc3 Qc4 33. Qb2 bxa5 34.
Nb1 a4 35. Qb8 Qb3 36. Qxa7 Qxb1 37. Qxa4 Qb8 38. Qa6+ Qd6 39. Qa8 Kf7 40. Qh8
Qf6 41. Qb8 h5 42. h3 h4 43. gxh4 gxh4 44. Qb2 Qf3+ 45. Kh2 Ke6 46. Qc2 Kf5 47.
Qa2 Kg5 48. Qb2 Ng6 49. Qa2 Ne7 50. Qb2 Ng8 51. Kg1 Qxh3 52. Qb8 Qe6 53. Qf8
Kh5 54. Kh2 Nh6 55. f3 exf3 56. Qxf3+ Ng4+ 57. Kh3 Qxe3 0-1

[Event "Miedzywojewodzkie Mistrzostwa Juniorow ("]
[Site "Centrum Konferencyjno-Sportowe"]
[Date "2012.??.??"]
[Round "8.1"]
[White "Ogonowski, Jakub"]
[Black "Maciejewski, Andrzej"]
[Result "1/2-1/2"]
[WhiteElo "1784"]
[BlackElo "1780"]
[PlyCount "48"]
[EventDate "2012.??.??"]

1. e4 c5 2. Nf3 d6 3. d4 cxd4 4. Nxd4 Nf6 5. Nc3 g6 6. Be3 Bg7 7. f3 O-O 8. g4
Nc6 9. h4 Be6 10. Qd2 Ne5 11. O-O-O Bc4 12. Bh6 Qa5 13. Bxg7 Kxg7 14. h5 Bxa2
15. hxg6 fxg6 16. Qh6+ Kg8 17. g5 Nh5 18. Nf5 Rxf5 19. Rxh5 Rf7 20. Rh1 Bc4 21.
Bg2 Rc8 22. Qh3 Rc5 23. f4 Nc6 24. e5 dxe5 1/2-1/2

[Event "Miedzywojewodzkie Mistrzostwa Juniorow ("]
[Site "Centrum Konferencyjno-Sportowe"]
[Date "2012.??.??"]
[Round "8.2"]
[White "Jasinowicz, Waclaw"]
[Black "Litner, Igor"]
[Result "0-1"]
[WhiteElo "1502"]
[BlackElo "1718"]
[PlyCount "28"]
[EventDate "2012.??.??"]

1. c4 e5 2. g3 Nf6 3. Bg2 Nc6 4. Nc3 Bb4 5. Nf3 Bxc3 6. bxc3 d6 7. O-O O-O 8.
d4 Re8 9. Re1 Bg4 10. Ba3 Ne4 11. Nxe5 dxe5 12. Bxe4 exd4 13. Bxc6 bxc6 14.
cxd4 Bh3 {Bialym zadzwonil telefon} 0-1

[Event "Miedzywojewodzkie Mistrzostwa Juniorow ("]
[Site "Centrum Konferencyjno-Sportowe"]
[Date "2012.??.??"]
[Round "8.3"]
[White "Gryglas, Kamil"]
[Black "Powalka, Michal"]
[Result "1-0"]
[WhiteElo "1519"]
[BlackElo "1779"]
[PlyCount "87"]
[EventDate "2012.??.??"]

1. e4 e5 2. Nf3 Nc6 3. Bc4 Bc5 4. c3 Nf6 5. d3 a6 6. Bb3 d6 7. h3 Ba7 8. Nbd2
O-O 9. Nf1 Nh5 10. Bd5 Qf6 11. Bg5 Qg6 12. g3 h6 13. Bd2 Be6 14. Rh2 Nf6 15.
Bb3 Nd7 16. Be3 f5 17. Nh4 Qf7 18. Nxf5 Bxb3 19. axb3 Rad8 20. Bxh6 Qg6 21. Be3
Bxe3 22. N1xe3 Nf6 23. Nc4 Qf7 24. Qe2 d5 25. exd5 Nxd5 26. Nfe3 Nf6 27. O-O-O
b5 28. Nd2 b4 29. Nec4 bxc3 30. bxc3 Nd5 31. Kc2 Ndb4+ 32. Kb1 Nxd3 33. Ne4 Nf4
34. gxf4 Rxd1+ 35. Qxd1 Qxf4 36. Ng3 Rd8 37. Qg4 Qf7 38. Qe4 Qe8 39. Nf5 g6 40.
Rg2 Kh7 41. Qh4+ Kg8 42. Qh6 Rd1+ 43. Kc2 Nb4+ 44. cxb4 1-0

[Event "Miedzywojewodzkie Mistrzostwa Juniorow ("]
[Site "Centrum Konferencyjno-Sportowe"]
[Date "2012.??.??"]
[Round "8.4"]
[White "Krawiecki, Stanislaw"]
[Black "Kowalec, Maciej"]
[Result "1-0"]
[WhiteElo "1602"]
[BlackElo "1704"]
[PlyCount "151"]
[EventDate "2012.??.??"]

1. e4 d5 2. exd5 Qxd5 3. d4 Nc6 4. Be3 e5 5. c4 Qa5+ 6. Bd2 Bb4 7. d5 Nd4 8.
Bd3 Nf6 9. Ne2 Nf5 10. O-O O-O 11. Qc2 e4 12. Bxb4 Qxb4 13. Bxe4 Nxe4 14. Qxe4
Nd6 15. Qd4 Qxc4 16. Qxc4 Nxc4 17. b3 Nb6 18. Nbc3 Bf5 19. Nd4 Bd7 20. Rac1 a6
21. Rfe1 Rfe8 22. f4 Rxe1+ 23. Rxe1 Re8 24. Rxe8+ Bxe8 25. Kf2 Kf8 26. g4 Bd7
27. f5 Ke7 28. Ke3 Kd6 29. Ke4 Bc8 30. Nf3 Nd7 31. h3 h6 32. Kd4 Nf6 33. Ne5
Ke7 34. Ne4 Nxe4 35. Kxe4 Bd7 36. a4 Be8 37. Kd4 Kf6 38. Nf3 Ke7 39. Nd2 Bd7
40. Nc4 Bc8 41. Kc5 Kd7 42. a5 Kd8 43. d6 Bd7 44. Ne3 Bc6 45. Nd5 cxd6+ 46.
Kxd6 Bb5 47. h4 Be2 48. g5 hxg5 49. hxg5 Bd1 50. b4 Bb3 51. Nf4 Bc2 52. f6 gxf6
53. gxf6 Be4 54. Ne2 Bd3 55. Nd4 Bc4 56. Nf3 Bb3 57. Ne5 Be6 58. Nd3 Bh3 59.
Nc5 Bg2 60. Nd3 Bf3 61. Ne5 Bh5 62. Kd5 Kc8 63. Kc5 Kc7 64. Nc4 Bg4 65. Nd6 Bh3
66. Nxf7 Kd7 67. Ne5+ Ke6 68. Kb6 Bg2 69. f7 Ke7 70. Nd7 Kxf7 71. Nc5 Ke7 72.
Nxb7 Bf1 73. Nc5 Kd8 74. Nxa6 Kc8 75. Nc7 Bg2 76. a6 1-0

[Event "Miedzywojewodzkie Mistrzostwa Juniorow ("]
[Site "Centrum Konferencyjno-Sportowe"]
[Date "2012.??.??"]
[Round "8.5"]
[White "Chomczyk, Marek"]
[Black "Jarmula, Lukasz"]
[Result "1/2-1/2"]
[WhiteElo "1892"]
[BlackElo "2165"]
[PlyCount "44"]
[EventDate "2012.??.??"]

1. e4 c5 2. Nf3 e6 3. d4 cxd4 4. Nxd4 a6 5. Nc3 b5 6. Be3 Bb7 7. f3 Qc7 8. Qd2
Nf6 9. Bd3 Nc6 10. Nxc6 dxc6 11. Bf4 e5 12. Be3 c5 13. Qf2 Rc8 14. O-O c4 15.
Be2 Bc5 16. Bxc5 Qxc5 17. Qxc5 Rxc5 18. Nd1 Ke7 19. Ne3 g6 20. a4 Kd6 21. axb5
axb5 22. Rfd1+ Kc7 1/2-1/2

[Event "Miedzywojewodzkie Mistrzostwa Juniorow ("]
[Site "Centrum Konferencyjno-Sportowe"]
[Date "2012.??.??"]
[Round "9.1"]
[White "Jarmula, Lukasz"]
[Black "Ogonowski, Jakub"]
[Result "1-0"]
[WhiteElo "2165"]
[BlackElo "1784"]
[PlyCount "87"]
[EventDate "2012.??.??"]

1. e4 e5 2. Nf3 Nf6 3. d4 Nxe4 4. Bd3 d5 5. Nxe5 Bd6 6. O-O O-O 7. c4 c6 8.
cxd5 cxd5 9. Nc3 Nxc3 10. bxc3 Qc7 11. Qc2 h6 12. f4 Nc6 13. Bd2 Be6 14. Rae1
Rfe8 15. Qc1 f6 16. Nf3 Bf7 17. Bb1 Rxe1 18. Rxe1 Re8 19. Rxe8+ Bxe8 20. Qc2 g6
21. g3 Na5 22. Nh4 Kg7 23. Nxg6 Nc4 24. Nh4 Kf8 25. Nf3 Bh5 26. Kf2 Qd7 27. Bc1
Qg4 28. Ng1 Qe6 29. Qh7 Bf7 30. f5 Qe8 31. Qh8+ Ke7 32. Qxe8+ Bxe8 33. Bxh6 Ba3
34. g4 Nd6 35. h4 Bb2 36. Bd2 Bb5 37. Bc2 Bc4 38. g5 fxg5 39. hxg5 Bxa2 40. f6+
Kf8 41. g6 b5 42. Nf3 b4 43. Ne5 Bxc3 44. Bh6+ 1-0

[Event "Miedzywojewodzkie Mistrzostwa Juniorow ("]
[Site "Centrum Konferencyjno-Sportowe"]
[Date "2012.??.??"]
[Round "9.2"]
[White "Kowalec, Maciej"]
[Black "Chomczyk, Marek"]
[Result "1/2-1/2"]
[WhiteElo "1704"]
[BlackElo "1892"]
[PlyCount "83"]
[EventDate "2012.??.??"]

1. d4 Nf6 2. c4 e6 3. Nf3 d5 4. e3 Be7 5. Bd3 O-O 6. O-O dxc4 7. Bxc4 b6 8. b3
Bb7 9. Bb2 Nbd7 10. Nbd2 c5 11. Rc1 Rc8 12. Qe2 cxd4 13. Nxd4 Nc5 14. Rfd1 Bd5
15. N2f3 Bxc4 16. Rxc4 Qd5 17. Nb5 Qa8 18. Rcc1 Nfe4 19. Nc3 Nxc3 20. Bxc3 Ne4
21. Bb2 Rxc1 22. Rxc1 Rc8 23. Qe1 h6 24. h3 a5 25. Rxc8+ Qxc8 26. Qd1 Bf6 27.
Bxf6 Nxf6 28. Nd4 Ne4 29. Qc2 Qxc2 30. Nxc2 Kf8 31. Kf1 Ke7 32. f3 Nc3 33. a3
Kd6 34. Ke1 Kc5 35. Kd2 Nd5 36. Ne1 b5 37. Nd3+ Kd6 38. e4 Nb6 39. Kc3 f5 40.
exf5 exf5 41. Kd4 Nd7 42. b4 1/2-1/2

[Event "Miedzywojewodzkie Mistrzostwa Juniorow ("]
[Site "Centrum Konferencyjno-Sportowe"]
[Date "2012.??.??"]
[Round "9.3"]
[White "Powalka, Michal"]
[Black "Krawiecki, Stanislaw"]
[Result "0-1"]
[WhiteElo "1779"]
[BlackElo "1602"]
[PlyCount "80"]
[EventDate "2012.??.??"]

1. e4 e5 2. f4 d5 3. exd5 e4 4. d3 Nf6 5. Nd2 exd3 6. Bxd3 Qxd5 7. Ngf3 Bc5 8.
Qe2+ Qe6 9. Qxe6+ Bxe6 10. Nb3 Bxb3 11. axb3 O-O 12. Bd2 Re8+ 13. Kd1 Ng4 14.
Rf1 Nf2+ 15. Kc1 Nxd3+ 16. cxd3 Nc6 17. Ra4 Rad8 18. Kc2 Nd4+ 19. Nxd4 Rxd4 20.
Re1 Rxe1 21. Bxe1 b5 22. Rxd4 Bxd4 23. Bc3 Bg1 24. h3 f5 25. b4 Kf7 26. Be5 c6
27. Kd2 g6 28. Ke2 Ke6 29. Kf1 Bb6 30. Ke2 Kd5 31. Kd2 Bd4 32. Bxd4 Kxd4 33.
Ke2 c5 34. bxc5 Kxc5 35. Kd2 a5 36. Kc3 b4+ 37. Kb3 Kb5 38. Kc2 a4 39. g3 Kc5
40. g4 Kd4 0-1

[Event "Miedzywojewodzkie Mistrzostwa Juniorow ("]
[Site "Centrum Konferencyjno-Sportowe"]
[Date "2012.??.??"]
[Round "9.4"]
[White "Litner, Igor"]
[Black "Gryglas, Kamil"]
[Result "1-0"]
[WhiteElo "1718"]
[BlackElo "1519"]
[PlyCount "93"]
[EventDate "2012.??.??"]

1. d4 e6 2. c4 Nf6 3. g3 c6 4. Nf3 d5 5. cxd5 cxd5 6. Bg5 Be7 7. Bxf6 Bxf6 8.
e3 O-O 9. Bd3 Qb6 10. Qc2 h6 11. O-O Bd7 12. Nc3 Na6 13. Bxa6 Qxa6 14. Qb3 Bc6
15. Ne5 Bxe5 16. dxe5 Qa5 17. Rfc1 a6 18. Ne2 Rac8 19. Nd4 Rc7 20. Qc3 Qb6 21.
Rc2 Rfc8 22. Rac1 Kf8 23. b4 Ke8 24. a4 Kd7 25. b5 axb5 26. axb5 Bxb5 27. Qxc7+
Rxc7 28. Rxc7+ Qxc7 29. Rxc7+ Kxc7 30. Nxb5+ Kc6 31. Nd4+ Kc5 32. Kf1 b5 33.
Ke2 Kc4 34. Kd2 b4 35. Kc2 b3+ 36. Nxb3 f6 37. Nd4 fxe5 38. Nxe6 g5 39. Nd8 d4
40. exd4 Kxd4 41. Kd2 Ke4 42. Ke2 h5 43. Ne6 Kf5 44. Nc5 Kf6 45. Ke3 Kf5 46.
Kf3 h4 47. g4+ 1-0

[Event "Miedzywojewodzkie Mistrzostwa Juniorow ("]
[Site "Centrum Konferencyjno-Sportowe"]
[Date "2012.??.??"]
[Round "9.5"]
[White "Maciejewski, Andrzej"]
[Black "Jasinowicz, Waclaw"]
[Result "1-0"]
[WhiteElo "1780"]
[BlackElo "1502"]
[PlyCount "69"]
[EventDate "2012.??.??"]

1. e4 e5 2. Nf3 Nc6 3. Bb5 Nge7 4. d3 g6 5. O-O Bg7 6. Nc3 O-O 7. Be3 a6 8. Ba4
d6 9. h3 Be6 10. Qc1 b5 11. Bb3 Bxb3 12. axb3 f5 13. Bh6 f4 14. Bxg7 Kxg7 15.
Qd2 Kg8 16. d4 Qd7 17. dxe5 Qe6 18. exd6 cxd6 19. Rfd1 b4 20. Nd5 Qxe4 21.
Nxe7+ Nxe7 22. Re1 Qb7 23. Qxd6 Nc8 24. Qe6+ Qf7 25. Qe4 Nd6 26. Qxb4 Nb5 27.
c4 Na7 28. Rxa6 Rab8 29. Qc5 Rb7 30. Rae6 Rc8 31. Qd5 Rd7 32. Re8+ Rxe8 33.
Rxe8+ Kg7 34. Qe5+ Qf6 35. Rg8+ 1-0